Stopnie w Policji w Polsce - Statystyki

Ogólne statystyki
  • Ten quiz został rozwiązany 2 460 razy
    2 455 od ostatniego zresetowania
  • Średni wynik to 14 z 17
Statystyki odpowiedzi
Obrazkowy Odpowiedź % Poprawnych
Posterunkowy
98%
Starszy posterunkowy
96%
Sierżant
93%
Starszy Sierżant
92%
Aspirant
91%
Młodszy Aspirant
91%
Starszy Aspirant
91%
Sierżant Sztabowy
89%
Aspirant Sztabowy
87%
Komisarz
84%
Podkomisarz
84%
Nadkomisarz
82%
Podinspektor
79%
Inspektor
78%
Młodszy Inspektor
75%
Nadinspektor
74%
Inspektor Generalny
52%
Nie znaleziono quizów pasujących do podanych kryteriów
Rozkład punktacji
Procent ludzi z każdym wynikiem
Percentyl według liczby udzielonych odpowiedzi
Twoja historia wyników
Nie rozwiązałeś tego quizu od ostatniego zresetowania